00319nam a2200121Ia 4500008004100000020001600041041000800057082002700065100002100092245003800113260003700151300000900188230411s9999 xx 000 0 und d a81-8061-898 aeng aPS/610.7365/BAS/B06111 aBasavanthappa BT aPsychiatric Mental Health Nursing bJaypee BrothersaNew Delhic2007 a760p